000 00299nam a2200133Ia 4500
005 20251222155133.0
008 251222s9999||||xx |||||||||||||| ||spa||
082 _aADM. 13/V.I
100 _aMEZZOMO, A.
245 0 _aLavandería Hospitalar
250 _a5ta. ed.
264 _bCedas
942 _cLIB
999 _c38890
_d38890